000 00634nam a22001937a 4500
999 _c18388
_d18388
003 AR-CdUCM
008 190513b ||||| |||| 00| 0 spa d
040 _aMUNICIPALIDAD PROVINCIAL DEL CUSCO
_cBIBLIOTECA MUNICIPAL DEL CUSCO
082 _a869.56 /
_bG22
100 _aGarcia Calderón, Francisco
_928682
245 _aIdeologías /
260 _aParís :
_bGarnier hermanos,
300 _a489 paginas ;
_c19 cm.
505 _aContenido : De litteris -- Direcciones -- Opiniones -- La guerra magna.
650 _aIdeologias
_91776
650 _aLiteratura contemporánea
_9759
942 _2ddc
_cLIBROS
945 _awnts
_d2019-05-13